000 00675nam a2200205 a 4500
001 000010275
005 20240412074216.0
008 091006s1995 dr 001 p spa d
040 _aDO-SdBNP
_bspa
_cBNPHU
082 _aRD861.44
_bJ61te
100 1 _aJiménez, Miguel Antonio,
_d1955-
_921801
245 1 0 _aTemblor de pasos /
_cMiguel Antonio Jiménez.
260 _aSanto Domingo :
_bBúho,
_c1995.
300 _a73 p. ;
_c22 cm.
500 _aIncluye datos biográficos del autor en la solapa de la cubierta.
590 _aInventariado, 2018/LP
650 0 _aPoesía dominicana
_966
650 0 _aLiteratura dominicana.
_967
910 _aValidado. Control de calidad EMS
999 _c10034
_d10034